ARRUPE JESUIT UNIVERSITY

CORONAVIRUS -STOP THE SPREAD - CLEAN,DISINFECT,COVER

The Christian understanding of God today : (Record no. 118400)

MARC details
000 -LEADER
fixed length control field 01217cam a2200325 a 4500
001 - CONTROL NUMBER
control field 3966167
003 - CONTROL NUMBER IDENTIFIER
control field ARRUPE
005 - DATE AND TIME OF LATEST TRANSACTION
control field 20131023123858.0
008 - FIXED-LENGTH DATA ELEMENTS--GENERAL INFORMATION
fixed length control field 940425s1993 ie b 000 0 eng d
010 ## - LIBRARY OF CONGRESS CONTROL NUMBER
LC control number 94132150
020 ## - INTERNATIONAL STANDARD BOOK NUMBER
International Standard Book Number 1856070875
035 ## - SYSTEM CONTROL NUMBER
System control number (OCoLC)29637145
040 ## - CATALOGING SOURCE
Original cataloging agency Uk
Transcribing agency Uk
Modifying agency DLC
042 ## - AUTHENTICATION CODE
Authentication code lccopycat
050 00 - LIBRARY OF CONGRESS CALL NUMBER
Classification number BT98
Item number .C49 1993
300 ## - PHYSICAL DESCRIPTION
Dimensions 22 cm.
100 ## - MAIN ENTRY--PERSONAL NAME
Personal name Byrne, James M
9 (RLIN) 2745
245 04 - TITLE STATEMENT
Title The Christian understanding of God today :
Remainder of title theological colloquium on the occasion of the 400th anniversary of the foundation of Trinity College, Dublin /
Statement of responsibility, etc edited by James M. Byrne.
260 ## - PUBLICATION, DISTRIBUTION, ETC. (IMPRINT)
Place of publication, distribution, etc Dublin :
Name of publisher, distributor, etc Columba Press,
Date of publication, distribution, etc 1993.
300 ## - PHYSICAL DESCRIPTION
Extent 174 p. ;
490 1# - SERIES STATEMENT
Series statement Studies in theology / Trinity College, Dublin
504 ## - BIBLIOGRAPHY, ETC. NOTE
Bibliography, etc Includes bibliographical references.
650 #0 - SUBJECT ADDED ENTRY--TOPICAL TERM
Topical term or geographic name as entry element God (Christianity)
General subdivision History of doctrines.
9 (RLIN) 2746
650 #0 - SUBJECT ADDED ENTRY--TOPICAL TERM
Topical term or geographic name as entry element God
General subdivision Biblical teaching.
9 (RLIN) 2747
700 1# - ADDED ENTRY--PERSONAL NAME
Personal name Byrne, James M.
9 (RLIN) 2748
710 2# - ADDED ENTRY--CORPORATE NAME
Corporate name or jurisdiction name as entry element Trinity College (Dublin, Ireland)
9 (RLIN) 2749
830 #0 - SERIES ADDED ENTRY--UNIFORM TITLE
Uniform title Studies in theology (Dublin, Ireland)
9 (RLIN) 2750
906 ## - LOCAL DATA ELEMENT F, LDF (RLIN)
a 7
b cbc
c copycat
d 3
e ncip
f 19
g y-gencatlg
942 ## - ADDED ENTRY ELEMENTS (KOHA)
Source of classification or shelving scheme Library of Congress Classification
Koha item type Monograph ( Printed materials)
Holdings
Withdrawn status Lost status Source of classification or shelving scheme Damaged status Not for loan Collection code Home library Current library Shelving location Date acquired Total Checkouts Full call number Barcode Date last seen Price effective from Koha item type
    Library of Congress Classification     Main Collection ARRUPE LIBRARY ARRUPE LIBRARY Main Collection 23/10/2013   BT98 .C49 1993 46410742 11/01/2017 23/10/2013 Monograph ( Printed materials)

 

Arrupe Library. PO Box MP320 Mt Pleasant, Harare, Zimbabwe
263 242 745411|librarian@aju.ac.zw